01082cam a22002411 4500001001300000003000400013005001700017008004100034010001700075035001900092040001900111050001700130100004600147245027700193250001200470260006000482300008300542490007300625650002300698650002000721810008200741999001700823gs 22000377 DLC20260227111326.0790608s1922 kyuabf s000 0 eng  ags 22000377  a(OCoLC)5049613 aDLCcTxCMdDLC00aQE116.W4bG61 aGlenn, L. C.q(Leonidas Chalmers),d1871-14aThe geology and coals of Webster county.bAn economic consideration of the coals, the structure and stratigraphy of this region, to which is added a detailed geological map of Webster county,cby Leonidas Chalmers Glenn. Illustrated with 32 photographs, maps and diagrams. a1st ed. aFrankfort, Ky.,bThe Kentucky Geological survey,c1922. a[6] p., 2 l., 249 p.bfront., illus., fold. pl., maps, tables, diagrs.c24 cm.1 aKentucky Geological survey, 1920- series 6. [Geologic reports]vv. 5 0aGeologyzKentucky. 0aCoalzKentucky.1 aKentucky.bGeological survey, 1920-1932. Ser. 6.t[Geologic reports] ;vv. 5. c26191d26191